000 00746nam a2200229 a 4500
001 49322
003 BD-RjUL
005 20211209054650.0
008 160820s1981 bg ||||| |||| 00| 0 ben d
035 _a(BD-RjUL)49441
040 _aBD-RjUL
_bben
_cBD-RjUL
041 _aben
082 _223
_a891.443
_bKAP 1981
100 1 _aকরীম, রশীদ
_9134857
245 1 0 _aপ্রেম একটি লাল গোলাপ /
_cরশীদ করীম
246 _b২য় সং.
260 _aঢাকা :
_bমুক্তধারা,
_c১৯৮১
300 _a১৪৯ পৃ. ;
_c২১ সেমি.
650 _aবাংলা উপন্যাস
_9148141
650 _aBengali Fiction
_9148142
942 _2ddc
_cBK
999 _c49322
_d49322